000 00750nam a2200229Ia 4500
003 GCL
005 20240530105103.0
008 140319s9999 xx 000 0 ara d
040 _aGCL /
_cGCL
082 0 4 _a910.962/
_bق/ن ر
_221
100 1 _aنرفال، جيرار دى
245 1 0 _aرحلة الى الشرق (الجزء الرابع ) /
_cجيرار دى نرفال
260 _aالقاهرة :
_bالهيئة المصرية العامة للكتاب ،
_c1988
300 _a259 ص ؛
_c24 سم
650 0 4 _aمصر
650 0 4 _aالاحوال الاجتماعية
650 0 4 _aالرحالة
650 0 4 _aالقصور
650 0 4 _aالقاهرة
700 1 _aكوثر عبدالسلام البحيرى
942 _2ddc
_cBK
999 _c53053
_d53053